Teória trhových štruktúr z aspektu informácií
Teória monopolu, duopolu, vzťah cien a trhovej štruktúry. Oligopolná štruktúra trhu. Vznik oligopolnej štruktúry. Problematika vzťahu ekonómie a informácií. Teória efektívnosti.
Guardado en:
| Autor principal: | |
|---|---|
| Formato: | Capítulo de libro |
| Lenguaje: | eslovaco |
| Materias: | |
| Etiquetas: |
Sin Etiquetas, Sea el primero en etiquetar este registro!
|
MARC
| LEADER | 00000naa$a2200000$$$4500 | ||
|---|---|---|---|
| 001 | 0011291 | ||
| 005 | 20220628132717.4 | ||
| 041 | 0 | |a slo | |
| 044 | |a SK | ||
| 245 | 1 | 0 | |a Teória trhových štruktúr z aspektu informácií |c Rastislav Jurga |
| 520 | |a Teória monopolu, duopolu, vzťah cien a trhovej štruktúry. Oligopolná štruktúra trhu. Vznik oligopolnej štruktúry. Problematika vzťahu ekonómie a informácií. Teória efektívnosti. | ||
| 610 | 2 | 0 | |a teórie ekonomické |
| 610 | 2 | 0 | |a trh |
| 610 | 2 | 0 | |a monopoly |
| 610 | 2 | 0 | |a duopoly |
| 610 | 2 | 0 | |a oligopoly |
| 610 | 2 | 0 | |a firmy |
| 610 | 2 | 0 | |a prostredie podnikateľské |
| 610 | 2 | 0 | |a konkurencia trhová |
| 610 | 2 | 0 | |a informácie |
| 610 | 2 | 0 | |a efektívnosť |
| 100 | 1 | |a Jurga, Rastislav | |